Soccer Player 30 or More Goals in La Liga By 1 Season - Sudden Death - Statistics

General Stats
  • This quiz has been taken 294 times
  • The average score is 3 of 9
Answers on the Grid
Answers color-coded by a green-red scale on the quiz's grid according to % correct below.
Antoine Griezmann
Artem Dovbyk
Cristiano Ronaldo
Dani Güiza
David Villa
Diego Forlán
Fernando Morientes
Fernando Torres
Gabi Balint
Gareth Bale
Gonzalo Higuaín
Hristo Stoichkov
Hugo Sánchez
Iago Aspas
Iván Zamorano
Karim Benzema
Lionel Messi
Luis Suárez
Neymar
Predrag Mijatović
Raúl
Rivaldo
Robert Lewandowski
Romário
Ronaldinho
Ronaldo
Roy Makaay
Ruud van Nistelrooy
Samuel Eto'o
Sergiol Agüero
 
Answer Stats
Answer % Correct
Cristiano Ronaldo
89%
Lionel Messi
53%
Luis Suárez
44%
Diego Forlán
21%
Hugo Sánchez
17%
Ronaldo
15%
Gabi Balint
8%
Romário
8%
Samuel Eto'o
7%
No matching quizzes found
Score Distribution
Percent of People with Each Score
Percentile by Number Answered
Your Score History
You have not taken this quiz